| 000 | 01239pam a2200301 a 4500 | ||
|---|---|---|---|
| 999 |
_c26627 _d26627 |
||
| 001 | 4033956 | ||
| 005 | 20170206084010.0 | ||
| 008 | 980529s1998 ctua bc 001 0 eng | ||
| 010 | _a 98025970 | ||
| 020 | _a0300074891 (cloth) | ||
| 040 |
_aDLC _cDLC _dDLC |
||
| 050 | 0 | 0 |
_aND237 _b .R725A4 1998 |
| 100 | 1 |
_aRothko, Mark, _d1903-1970. |
|
| 245 | 1 | 0 |
_aMark Rothko : _bthe works on canvas : catalogue raisonné / _cDavid Anfam. |
| 246 | 3 | 0 | _aWorks on canvas |
| 260 |
_aNew Haven : _bYale University Press ; _aWashington, D.C. : _bNational Gallery of Art, _cc1998. |
||
| 300 |
_a708 p. : _bill. (chiefly col.) ; _c31 cm. |
||
| 504 | _aIncludes bibliographical references (p. 681-696) and index. | ||
| 600 | 1 | 0 |
_aRothko, Mark, _d1903-1970 _xCatalogues raisonnés. |
| 700 | 1 | _aAnfam, David. | |
| 942 |
_2lcc _cBOOKS _hND237 .R725A4 1998 |
||